Pays du Monde - orthographe exacte - Statistiques

Statistiques générales
  • Ce quiz a été pris 107 fois
  • Le résultat moyen est 148 sur 196
Réponses sur la Carte
Les réponses sont colorées sur une échelle allant du rouge au vert en fonction du pourcentage des utilisateurs qui les ont devinées à leur premier essai. Vous pouvez retrouver ces pourcentages ci-dessous.
 
Statistiques - réponses
Pays % Correct
France
96%
Canada
95%
Allemagne
93%
Espagne
92%
Irlande
92%
Russie
92%
Chine
91%
États-Unis
91%
Italie
91%
Mexique
91%
Belgique
89%
Brésil
89%
Finlande
89%
Grèce
89%
Islande
89%
Japon
89%
Norvège
89%
Portugal
89%
Suisse
89%
Inde
88%
Lituanie
88%
Suède
88%
Australie
87%
Autriche
87%
Danemark
87%
Égypte
87%
Pologne
87%
Algérie
85%
Argentine
85%
Bulgarie
85%
Corée du Nord
85%
Corée du Sud
85%
Croatie
85%
Indonésie
85%
Lettonie
85%
Luxembourg
85%
Maroc
85%
Royaume-Uni
85%
Afrique du Sud
84%
Albanie
84%
Biélorussie
84%
Chili
84%
Chypre
84%
Estonie
84%
Hongrie
84%
Pérou
84%
Roumanie
84%
Slovaquie
84%
Slovénie
84%
Ukraine
84%
Arabie Saoudite
83%
Cuba
83%
Pays-Bas
83%
République Tchèque
83%
Tunisie
83%
Turquie
83%
Irak
81%
Iran
81%
Madagascar
81%
Malte
81%
Monaco
81%
Mongolie
81%
Nouvelle-Zélande
81%
Thaïlande
81%
Bolivie
80%
Équateur
80%
Guinée
80%
Monténégro
80%
Ouzbékistan
80%
Panama
80%
Serbie
80%
Uruguay
80%
Andorre
79%
Colombie
79%
Jamaïque
79%
Pakistan
79%
Paraguay
79%
Suriname
79%
Yémen
79%
Émirats Arabes Unis
77%
Honduras
77%
Jordanie
77%
Kosovo
77%
Macédoine du Nord
77%
Moldavie
77%
Népal
77%
Niger
77%
Qatar
77%
Vatican
77%
Venezuela
77%
Arménie
76%
Cameroun
76%
Israël
76%
Liban
76%
Oman
76%
Saint-Marin
76%
Sénégal
76%
Sri Lanka
76%
Turkménistan
76%
Viêt Nam
76%
Afghanistan
75%
Angola
75%
Birmanie
75%
Bosnie-Herzégovine
75%
Cambodge
75%
Guyana
75%
Haïti
75%
Laos
75%
Libye
75%
Malaisie
75%
Mali
75%
Nigeria
75%
Philippines
75%
Soudan
75%
Togo
75%
Azerbaïdjan
73%
Bangladesh
73%
Costa Rica
73%
Éthiopie
73%
Lesotho
73%
Mauritanie
73%
Namibie
73%
Seychelles
73%
Somalie
73%
Soudan du Sud
73%
Taïwan
73%
Cap-Vert
72%
Géorgie
72%
Guatemala
72%
Koweït
72%
République Démocratique du Congo
72%
République Dominicaine
72%
Rwanda
72%
Bahamas
71%
Burkina Faso
71%
Côte d'Ivoire
71%
Gabon
71%
Guinée-Bissau
71%
Kazakhstan
71%
Nicaragua
71%
Sainte-Lucie
71%
Syrie
71%
Tanzanie
71%
Belize
69%
Botswana
69%
Comores
69%
Dominique
69%
Érythrée
69%
Ghana
69%
Guinée Équatoriale
69%
Liechtenstein
69%
Malawi
69%
Ouganda
69%
Tadjikistan
69%
Barbade
68%
Djibouti
68%
Kenya
68%
Liberia
68%
Salvador
68%
Zambie
68%
Bahreïn
67%
Bénin
67%
Bhoutan
67%
Fidji
67%
République Centrafricaine
67%
Tchad
67%
Burundi
65%
Gambie
65%
Maldives
65%
Zimbabwe
65%
Eswatini
64%
Kirghizistan
64%
Maurice
64%
Timor Oriental
64%
Brunei
63%
Mozambique
63%
Sierra Leone
63%
Singapour
63%
Papouasie-Nouvelle- Guinée
61%
Sao Tomé-et-Principe
61%
Tonga
61%
Îles Marshall
60%
Kiribati
60%
Grenade
59%
Îles Salomon
59%
Nauru
59%
Trinité-et-Tobago
59%
Tuvalu
59%
Palaos
57%
République du Congo
57%
Saint-Vincent-et-les- Grenadines
57%
Samoa
57%
Vanuatu
57%
Antigua-et-Barbuda
56%
Saint-Christophe- et-Niévès
55%
États Fédérés de Micronésie
51%
Aucun quiz correspondant
Distribution des résultats
% des personnes avec chaque résultat
Percentile par nombre de réponses
Votre historique - résultats
Vous n’avez pas pris ce quiz